000 00362nam a22001451a 4500
020 _a9789382126133
082 _a907.2
_bSEN/I
100 _aSenapati R N
245 _aAn introduction to historiography/
_cby Senapati R N
260 _aNew Delhi:
_bAstha Publishers,
_c2013.
300 _a264p.
650 _aHistoriography
650 _aHistory
942 _cBK
999 _c20692
_d20692